| 000 | 00358nam a2200121Ia 4500 | ||
|---|---|---|---|
| 008 | 191129s9999 xx 000 0 und d | ||
| 020 | _a9781416972259 | ||
| 100 | _aClare, Cassandra | ||
| 245 |
_cCassandra Clare _aThe mortal instruments: _bcity of glass/ |
||
| 260 |
_aNY: _bMargaret K. McElderry Books _c2009 |
||
| 300 |
_a541 p. ; _c21 cm. |
||
| 650 | _aFiction | ||
| 999 |
_c362783 _d362783 |
||